| 000 | 00978nam a2200289 a 4500 | ||
|---|---|---|---|
| 999 |
_c8965 _d8965 |
||
| 001 | 8965 | ||
| 003 | BD-JhCC | ||
| 005 | 20180306112108.0 | ||
| 008 | 880808s1962 enk b 001 0 eng d | ||
| 035 | _a(BD-JhCC)8965 | ||
| 040 |
_aDLC _cDLC _dm.c _dEQO |
||
| 041 | _aeng | ||
| 050 | 0 |
_aPR431 _b.B8 1962 |
|
| 082 | 0 |
_a820.903 _bBUS 1962 |
|
| 100 | 1 | _aBush, Douglas, | |
| 245 | 1 | 0 |
_aEnglish literature in the earlier seventeenth century : _b1600-1660 / _cby Douglas Bush. |
| 250 | _a2nd ed., revd. | ||
| 260 |
_aOxford : _bClarendon Press, _c1962. |
||
| 300 |
_aviii, 680 p. ; _c23 cm. |
||
| 490 | 1 |
_aOxford history of English literature ; _v5 |
|
| 504 | _aIncludes bibliographical references (p. [461]-668) and index. | ||
| 650 | 0 |
_aEnglish literature _yEarly modern, 1500-1700 _xHistory and criticism. |
|
| 650 | 0 |
_aEnglish literature _yEarly modern, 1500-1700 _vBibliography. |
|
| 830 | 0 |
_aOxford history of English literature ; _v5. |
|
| 942 |
_2ddc _cBK |
||